| 000 | 00521nam a2200169Ia 4500 | ||
|---|---|---|---|
| 008 | 151213s9999 xx 000 0 und d | ||
| 020 | _a81-7596-223-2 | ||
| 100 | _aAdrian DOFF Christopher Jhon's | ||
| 245 |
_aLanguage in Use Upper - Intermediate Classroom Book _cAdrian DOFF Christopher Jhon's |
||
| 250 | _a1st | ||
| 260 |
_aNew Delhi _bCambridge University Press _c2004 |
||
| 300 | _a5188 p. | ||
| 650 | _aEnglish Language | ||
| 650 | _aEnglish Language | ||
| 700 | _aAdrian DOFF Christopher Jhon's | ||
| 999 |
_c3203 _d3203 |
||